UBT Library

OnMusic Appreciation (Record no. 46662)

000 -LEADER
fixed length control field 00266nam a22001217a 4500
008 - FIXED-LENGTH DATA ELEMENTS--GENERAL INFORMATION
fixed length control field 180730b xxu||||| |||| 00| 0 eng d
082 ## - DEWEY DECIMAL CLASSIFICATION NUMBER
Classification number 813.52
245 ## - TITLE STATEMENT
Title OnMusic Appreciation
Statement of responsibility, etc Hill,M.G
260 ## - PUBLICATION, DISTRIBUTION, ETC. (IMPRINT)
Date of publication, distribution, etc 2007
300 ## - PHYSICAL DESCRIPTION
Extent 2
Type of unit CD
760 ## - MAIN SERIES ENTRY
Edition 2nd
942 ## - ADDED ENTRY ELEMENTS (KOHA)
Source of classification or shelving scheme
Item type Mixed Materials
Holdings
Withdrawn status Lost status Source of classification or shelving scheme Damaged status Not for loan Collection code Permanent location Current location Shelving location Date acquired Total Checkouts Full call number Barcode Date last seen Price effective from Koha item type
                  07/30/2018       07/30/2018 07/30/2018 Mixed Materials
          Koleksioni Referal UBT - Lipjan UBT - Lipjan Koleksioni i përgjithshem 07/30/2018   813.52 HIL 002-30029919 07/30/2018 07/30/2018 Mixed Materials
          Koleksioni Referal UBT - Lipjan UBT - Lipjan Koleksioni i përgjithshem 07/30/2018   813.52 HIL 002-3009924 07/30/2018 07/30/2018 Mixed Materials
          Koleksioni Referal UBT - Lipjan UBT - Lipjan Koleksioni i përgjithshem 07/30/2018   813.52 HIL 002-30029918 07/30/2018 07/30/2018 Mixed Materials
          Koleksioni Referal UBT - Lipjan UBT - Lipjan Koleksioni i përgjithshem 07/30/2018   813.52 HIL 002-3009923 07/30/2018 07/30/2018 Mixed Materials
UBT Library © 2015-2024. All rights reserved University Education for Business and Technology